000 00642nam a2200205 a 4500
003 DO-SdBNP
005 20211028083839.0
007 ta
008 211028e201? dr ||||grc||| 00| 0 spa d
040 _aDO-SdBNP
_bspa
_cBNPHU
082 4 _222
_bC357s
245 1 0 _aCatálogo Santuario 2017 /
260 _aSanto Domingo :
_bSantiario,
_c[2017]
300 _a50 p. ;
_c23 cm.
590 _aInventariado 2021 / MF
610 2 4 _977042
_aSantuario
_xCatálogo
_zSanto Domingo (República Dominicana)
650 4 _921358
_aCatálogos de editores
_vLibros
_zRepública Dominicana
650 4 _921360
_aReseña de libros
_vCatálogos
942 _2ddc
_cLF2
999 _c50821
_d50821